March Madness Trivia - Statistics

General Stats
  • This quiz has been taken 83 times
    77 since last reset
  • The average score is 12 of 15
Answer Stats
Hint Answer % Correct
How mnay times has a 8 seed made the National Championship game? 4
97%
How many tmes have all number 1 seeds missed the Final Four? 4
96%
How many 12 seeds hae made at least the Elite Eight? 1
94%
What is the highest ranked seen to win a National Championship? 8
93%
How many 4 seeds have won a National Championship? 2
91%
What's the furthest a 15 seed has gone in the tournamnet? Elite Eight
86%
Since 1985 how man times has a 1 seed won the National Championship? 23
83%
How many times has a 16 seed beat a 1 seed? 2
81%
In whch year did all number 1 seeds miss the Elight Eight? 2023
81%
How many times as a 14 seed won at least the First Round? 22
81%
Has a 7 seed ever appeared in a National Championship? yes
81%
How many times has a 5 seed won the National Chapionship? 0
77%
How many times has a 13 seed made at least the Sweet Sixteen? 6
74%
Since 1985 which school has won the National Chapionship the most? UCLA
55%
Since 1985 how many times has a 1 seed won the National Championship? 5
48%
No matching quizzes found
Score Distribution
Percent of People with Each Score
Percentile by Number Answered
Your Score History
You have not taken this quiz since the last reset